00393pab a2200121 454500008004000000100001700040245011900057260000900176300001500185362001200200650001300212773004600225180718b2017 xxu||||| |||| 00| 0 eng d aHaroon, Sana aCustodianship of Shahidganj in colonial Lahore: land, land use and the formation of religious community, 1850-1936 c2017 ap.183-220. aApr-Jun aReligion aIndian Economic and Social History Review